[Event "Hessenliga 1011"]
[Site "Germany"]
[Date "2010.12.12"]
[Round "4.3"]
[White "Zunker, Reinhard"]
[Black "Kaliski, Erwin"]
[Result "1-0"]
[WhiteElo "2198"]
[BlackElo "2266"]
[PlyCount "75"]
[EventDate "2010.09.26"]
[EventType "team-tourn"]
[EventRounds "9"]
[EventCountry "GER"]
[SourceTitle "EXT 2012"]
[Source "ChessBase"]
[SourceDate "2011.11.24"]
[SourceVersion "1"]
[SourceVersionDate "2011.11.24"]
[SourceQuality "1"]
[WhiteTeam "Hofheim II"]
[BlackTeam "Bad Nauheim"]
[WhiteTeamCountry "GER"]
[BlackTeamCountry "GER"]

1. e4 e6 2. d4 d5 3. Nc3 Bb4 4. e5 c5 5. a3 Ba5 6. b4 cxd4 7. Nb5 Bc7 8. f4 Ne7 9. Nf3 0-0 10. Bb2 Nbc6 11. Bd3 f6 12. 0-0 Nf5 13. Qe2 fxe5 14. Nxc7 Qxc7 15. Nxe5 Nxe5 16. fxe5 Bd7 17. Rf3 Ba4 18. Raf1 g6 19. g4 Nh6 20. Rxf8+ Rxf8 21. Rxf8+ Kxf8 22. Bxd4 Nf7 23. Qf2 b6 24. c3 Qe7 25. h4 Bd1 26. Qg3 Kg7 27. g5 Bh5 28. Qf4 h6 29. Qf6+ Qxf6 30. gxf6+ Kf8 31. a4 g5 32. a5 bxa5 33. bxa5 Ke8 34. a6 Kd7 35. Bb5+ Kc7 36. hxg5 Nxg5 37. Kf2 Nf3 38. Be2 1-0

[Event "Hessenliga 1011"]
[Site "Germany"]
[Date "2010.11.28"]
[Round "3.5"]
[White "Kaliski, Erwin"]
[Black "Rapoport, Vladimir"]
[Result "0-1"]
[WhiteElo "2266"]
[BlackElo "2303"]
[PlyCount "58"]
[EventDate "2010.09.26"]
[EventType "team-tourn"]
[EventRounds "9"]
[EventCountry "GER"]
[SourceTitle "EXT 2012"]
[Source "ChessBase"]
[SourceDate "2011.11.24"]
[SourceVersion "1"]
[SourceVersionDate "2011.11.24"]
[SourceQuality "1"]
[WhiteTeam "Bad Nauheim"]
[BlackTeam "Heusenstamm"]
[WhiteTeamCountry "GER"]
[BlackTeamCountry "GER"]

1. e4 g6 2. d4 Bg7 3. Nc3 c6 4. Nf3 d5 5. Be2 Nh6 6. Bf4 0-0 7. Qd2 dxe4 8. Nxe4 Nf5 9. c3 Nd6 10. Ng3 Bg4 11. h4 h5 12. Ne5 Be6 13. Bh6 Nf5 14. Nxf5 Bxf5 15. g4 hxg4 16. h5 Qd5 17. Rg1 gxh5 18. Kf1 Qd6 19. Bxg7 Kxg7 20. Rh1 Rh8 21. Bxg4 Bxg4 22. Qg5+ Kf8 23. Nxg4 Qd5 24. Qh4 Qb5+ 25. Ke1 Qxb2 26. Rd1 Qxc3+ 27. Kf1 Qc4+ 28. Kg1 Rg8 29. Qxh5 Qe2 0-1